LIBRARY & INFORMATION CENTRE, KCAET, TAVANUR

ONLINE PUBLIC ACCESS CATALOGUE (OPAC)

Textbook on food science and human nutrition : for undergraduates (Record no. 15607)

MARC details
000 -LEADER
fixed length control field 00396nam a22001457a 4500
003 - CONTROL NUMBER IDENTIFIER
control field OSt
008 - FIXED-LENGTH DATA ELEMENTS--GENERAL INFORMATION
fixed length control field 190520b ||||| |||| 00| 0 eng d
020 ## - INTERNATIONAL STANDARD BOOK NUMBER
ISBN 9789351247456
082 ## - DEWEY DECIMAL CLASSIFICATION NUMBER
Classification number 664
Item number SHA/TE
100 ## - MAIN ENTRY--AUTHOR NAME
Personal name Sharma,Dipti
245 ## - TITLE STATEMENT
Title Textbook on food science and human nutrition : for undergraduates
260 ## - PUBLICATION, DISTRIBUTION, ETC. (IMPRINT)
Place of publication New Delhi
Name of publisher Daya Publishing House
Year of publication 2016
300 ## - PHYSICAL DESCRIPTION
Number of Pages 245 p.
942 ## - ADDED ENTRY ELEMENTS (KOHA)
Koha item type Books
Holdings
Withdrawn status Lost status Damaged status Collection code Home library Current library Shelving location Date acquired Cost, normal purchase price Full call number Accession Number Koha item type
      Non-fiction KAUAET KAUAET General Stacks 20/05/2019 1395.00 664 SHA/TE 25843 Books
free website counter